Представление документа в формате RUSMARC

ПолеНазваниеЗначение
  Тип записи a
  Библиографический уровень m
001 Контрольный номер RU/SLIB/B/208749685
005 Дата корректировки 20201206204125.7
010 Индекс ISBN __
d Цена 0-56
101 Язык документа __
a Язык текста rus
200 Заглавие и сведения об ответственности __
a Заглавие Бернгард Келлерман
f Первые сведения об ответственности Г. Бергельсон
b Общее обозначение материала Текст
210 Выходные данные __
a Место издания М.
c Издательство Худож. лит.
d Дата издания 1965
215 Физическое описание __
a Объем 256 с.
600 Персоналии __
a Персоналии (Фамилия) Келлерман, Б.
g Полное имя Бернхард
606 Тематические рубрики __
a Основная рубрика Литературоведение
y Географическая подрубрика Германия
606 Тематические рубрики __
a Основная рубрика Литература Европы
610 Ключевые слова __
a Ключевые слова немецкая литература; немецкие писатели; писатели; персоналии; творческая деятельность; биографии; биографические материалы; биографические сведения; литературная деятельность; литературное творчество
686 Индексы других классификаций __
a Классификационный индекс 83.3(4Гем)-8
700 Автор _1
a Фамилия Бергельсон
b Имя Г.
4 Код отношения 070
801 Источник записи _0
a Страна RU
b Организация Муниципальное бюджетное учреждение культуры "Централизованная библиотечная система" г. Сургут (Центральная городская библиотека им. А. С. Пушкина)
g Правила каталогизации КиК/Лебедева
801 Источник записи _1
a Страна RU
b Организация Муниципальное бюджетное учреждение культуры "Централизованная библиотечная система" г. Сургут (Центральная городская библиотека им. А. С. Пушкина)
g Правила каталогизации КиК/Лебедева
852 Данные о местонахождении __
j Шифр хранения 83.3(4Гем)-8
c Каталожный индекс 83.3(4Гем)-8
i Авторский знак Б 48
p Инвентарный номер 15266(с)
901 Тип документа __
t Тип документа m
990 Данные о заказе (DOS) __
j Количество экземпляров (DOS) 1